00489nam a2200169Ia 4500008004100000020001500041082002400056100002900080245004800109260003600157260002800193260000900221300001000230500004300240650001100283650002500294251121s9999 xx 000 0 und d a8449964660 a332.4 K33d 1983 HNA aKenneth Galbraith, John  0aEl dinero De dónde vino / Adónde fue. aHyspamerica Ediciones Argentina bBuenos Aires, Argentina c1983 a361p. aColección Humberto Nogueira Alcalá aDinero aHistoria económica